Objective forestry for competitive examinations / (Record no. 150162)

MARC details
000 -LEADER
fixed length control field 00804nam a22002177a 4500
005 - DATE AND TIME OF LATEST TRANSACTION
control field 20180226102815.0
010 ## - LCCN (DPL NO)
LC control number B-664001
020 ## - INTERNATIONAL STANDARD BOOK NUMBER
International Standard Book Number 9788172339395
Terms of availability 360.00
035 ## - SYSTEM CONTROL NUMBER
System control number B-664001
037 ## - SOURCE OF ACQUISITION
Stock number dpl
Source of stock number/acquisition Book Treasure/Ven
037 ## - SOURCE OF ACQUISITION
Stock number DBAD/PUB
082 ## - DEWEY DECIMAL CLASSIFICATION NUMBER
Classification number 634.9076
100 ## - MAIN ENTRY--PERSONAL NAME
Personal name Parthiban, K.T.
245 ## - TITLE STATEMENT
Title Objective forestry for competitive examinations /
Statement of responsibility, etc by K.T.Parthiban...[et al]
250 ## - EDITION STATEMENT
Edition statement 2nd Ed.
260 ## - PUBLICATION, DISTRIBUTION, ETC. (IMPRINT)
Place of publication, distribution, etc New Delhi
Name of publisher, distributor, etc Competition Tutor
Date of publication, distribution, etc 2015
270 ## - ADDRESS
Address 5-B, New Pali Road, P.O.Box 91
City Jodhpur
Postal code 342001
300 ## - PHYSICAL DESCRIPTION
Extent 363p.
Dimensions 24cm(pbk)
942 ## - ADDED ENTRY ELEMENTS (KOHA)
Source of classification or shelving scheme Dewey Decimal Classification
Item type English Books
Call number suffix OBJ
Classification part 634.9076
Holdings
Withdrawn status Lost status Not for loan Collection code Home library Current library Date acquired Source of acquisition Cost, normal purchase price Full call number Barcode Copy number Cost, replacement price Koha item type
      Non-fiction Ashok Vihar Ashok Vihar 26/02/2018 Books Treasure/182/22.02.17/415/15.02.17/01.03.17 360.00 634.9076 OBJ B-664001 1 360.00 English Books

© Delhi Public Library
Hit Counter
free hit counter